000 00205 a2200097 4500
001 27992
100 _aBrown, J
245 _aTelecommunication
260 _a
_bChapman & Hall
_c1974
090 _c18700
_d18700
942 _aNUST-CAE
_cM
_c9670
999 _c263065
_d263065